000 00528 a2200181 4500
003 OSt
005 20180116182745.0
008 160825b xxu||||| |||| 00| 0 eng d
020 _a0
040 _c0
082 _a658.4092 CON 2000
100 _aKieron Conway
245 _aSoftware Project Management from Concept to Deplooyment
_cKieron Conway
260 _aNew Delhi
_bDrcamtech
_c2000
300 _a832 p.
_bPB
440 _aSoftware Project Management from Concept to Deplooyment
942 _aNBS
_cBK
_k658.4092 CON
_2ddc
999 _c345445
_d345445